[Event "Unterfranken-ch M1 53th"]
[Site "Wuerzburg"]
[Date "2002.??.??"]
[Round "1"]
[White "Schneider, Armin"]
[Black "Kuhn, Norbert"]
[Result "0-1"]
[WhiteElo "1744"]
[BlackElo "2191"]
[PlyCount "54"]
[EventDate "2002.04.01"]
[EventType "swiss"]
[EventRounds "9"]
[EventCountry "GER"]
[SourceTitle "EXT 2015"]
[Source "ChessBase"]
[SourceDate "2014.11.20"]
[SourceVersion "1"]
[SourceVersionDate "2014.11.20"]
[SourceQuality "1"]

1. d4 Nf6 2. Nf3 e6 3. c4 Bb4+ 4. Bd2 Bxd2+ 5. Nbxd2 d6 6. e3 0-0 7. Bd3 Nc6 8. 0-0 e5 9. a3 Re8 10. Qc2 exd4 11. exd4 Bg4 12. d5 Ne5 13. Nxe5 Rxe5 14. f3 Bh5 15. Ne4 Bg6 16. Nf2 Qe7 17. Bxg6 hxg6 18. Nd3 Re2 19. Qc1 Re8 20. Re1 Kf8 21. Rxe2 Qxe2 22. Nf4 Qe5 23. Qd2 g5 24. Nh3 g4 25. Ng5 g3 26. h3 Qe2 27. Ne4 Rxe4 0-1

[Event "Unterfranken-ch M2 52th"]
[Site "Massbach"]
[Date "2001.??.??"]
[Round "?"]
[White "Schneider, Armin"]
[Black "Kuhn, Christian"]
[Result "1/2-1/2"]
[WhiteElo "1768"]
[BlackElo "1784"]
[PlyCount "44"]
[EventDate "2001.04.16"]
[EventType "swiss"]
[EventRounds "9"]
[EventCountry "GER"]
[SourceTitle "EXT 2015"]
[Source "ChessBase"]
[SourceDate "2014.11.20"]
[SourceVersion "1"]
[SourceVersionDate "2014.11.20"]
[SourceQuality "1"]

1. Nf3 g6 2. g3 Bg7 3. Bg2 d6 4. 0-0 c5 5. c3 Nf6 6. d4 0-0 7. Bf4 Nbd7 8. Nbd2 Nd5 9. e4 Nxf4 10. gxf4 f5 11. Qb3+ Kh8 12. Ng5 cxd4 13. cxd4 Bxd4 14. Nf7+ Rxf7 15. Qxf7 Nc5 16. exf5 Bxf5 17. Rae1 e6 18. Ne4 d5 19. Ng5 Qg8 20. b4 Nd3 21. Qxg8+ Rxg8 22. Rxe6 Bxe6 1/2-1/2

[Event "Unterfranken-ch M2 52th"]
[Site "Massbach"]
[Date "2001.??.??"]
[Round "?"]
[White "Schneider, Armin"]
[Black "Mueller, Roland1111"]
[Result "1-0"]
[WhiteElo "1768"]
[BlackElo "1957"]
[PlyCount "101"]
[EventDate "2001.04.16"]
[EventType "swiss"]
[EventRounds "9"]
[EventCountry "GER"]
[SourceTitle "EXT 2015"]
[Source "ChessBase"]
[SourceDate "2014.11.20"]
[SourceVersion "1"]
[SourceVersionDate "2014.11.20"]
[SourceQuality "1"]

1. d4 d5 2. Nf3 Bg4 3. Ne5 Bh5 4. g3 f6 5. Nd3 e6 6. Bf4 Nc6 7. c3 Bd6 8. Bxd6 cxd6 9. Nf4 Bf7 10. Bg2 Nge7 11. e4 dxe4 12. Bxe4 e5 13. dxe5 dxe5 14. Qxd8+ Rxd8 15. Ne2 Bh5 16. Nd2 f5 17. Bf3 Bf7 18. Bxc6+ Nxc6 19. 0-0-0 e4 20. Nb3 Ne5 21. Rxd8+ Kxd8 22. Kc2 Ke7 23. Nbd4 Kf6 24. b3 Rd8 25. Rf1 Bh5 26. Nf4 Bf7 27. f3 g5 28. Ng2 Bd5 29. Ne3 exf3 30. Nxd5+ Rxd5 31. Nxf3 Ng4 32. Rh1 Ne3+ 33. Kb2 Rd3 34. Nd4 Ke5 35. Re1 Ke4 36. Nc2 Rd2 37. Rxe3+ Kd5 38. Re7 Rxh2 39. Rxb7 Rg2 40. Rxh7 Rxg3 41. Rxa7 f4 42. Ra4 Rg1 43. Nd4 g4 44. Ra5+ Ke4 45. Rg5 g3 46. a4 Rd1 47. a5 Rxd4 48. cxd4 f3 49. a6 f2 50. a7 f1Q 51. a8Q+ 1-0

[Event "Unterfranken-ch HB 44th"]
[Site "Rieneck"]
[Date "1993.??.??"]
[Round "7"]
[White "Wambach, Juergen"]
[Black "Schneider, Armin"]
[Result "1-0"]
[WhiteElo "1862"]
[BlackElo "1695"]
[PlyCount "91"]
[EventDate "1993.04.12"]
[EventType "swiss"]
[EventRounds "9"]
[EventCountry "GER"]
[SourceTitle "EXT 2015"]
[Source "ChessBase"]
[SourceDate "2014.11.20"]
[SourceVersion "1"]
[SourceVersionDate "2014.11.20"]
[SourceQuality "1"]

1. c4 Nf6 2. Nc3 g6 3. g3 Bg7 4. Bg2 0-0 5. e3 e5 6. Nge2 c6 7. d4 exd4 8. Nxd4 d5 9. cxd5 Nxd5 10. Nxd5 cxd5 11. b3 Nc6 12. Bb2 Qa5+ 13. Qd2 Qxd2+ 14. Kxd2 Nxd4 15. Bxd4 Bxd4 16. exd4 Be6 17. Rhe1 Rac8 18. Rac1 Rc6 19. Rc5 Rfc8 20. Rec1 Kf8 21. b4 Ke7 22. b5 Rxc5 23. dxc5 Kd7 24. Ke3 b6 25. Kd4 bxc5+ 26. Rxc5 Rxc5 27. Kxc5 d4 28. a3 d3 29. Kb4 Bf5 30. Kc3 Kc7 31. g4 Bxg4 32. Kxd3 Bd7 33. Kc4 Kb6 34. a4 a6 35. bxa6 Bxa4 36. Bb7 Bb5+ 37. Kd5 Bxa6 38. Bxa6 Kxa6 39. Ke5 f5 40. Kf6 Kb6 41. Kg7 g5 42. Kf6 h6 43. Kxf5 Kc6 44. Kg6 Kd6 45. Kxh6 g4 46. Kg5 1-0